Every Song by the Fray - Statistics

General Stats
  • This quiz has been taken 14 times
    4 since last reset
  • The average score is 25 of 67
Answer Stats
Album Song % Correct
How to Save a Life(2005) How to Save a Life
100%
How to Save a Life(2005) Over My Head (Cable Car)
100%
The Fray(2009) You Found Me
100%
Scars & Stories(2012) 48 to Go
67%
The Fray(2009) Absolute
67%
Scars & Stories(2012) Be Still
67%
Scars & Stories(2012) Heartbeat
67%
How to Save a Life(2005) Heaven Forbid
67%
How to Save a Life(2005) Hundred
67%
How to Save a Life(2005) Little House
67%
How to Save a Life(2005) Look After You
67%
Helios(2014) Love Don't Die
67%
Scars & Stories(2012) Munich
67%
The Fray(2009) Never Say Never
67%
Scars & Stories(2012) Rainy Zurich
67%
Scars & Stories(2012) Run for Your Life
67%
Helios(2014) Shadow and a Dancer
67%
How to Save a Life(2005) She Is
67%
The Fray(2009) Syndicate
67%
Scars & Stories(2012) The Fighter
67%
The Fray(2009) Ungodly Hour
67%
How to Save a Life(2005) Vienna
67%
Scars & Stories(2012) 1961
33%
How to Save a Life(2005) All at Once
33%
Through the Years: The Best of the Fray(2016) Changing Tides
33%
Live at the Electric Factory: Bootleg No. 1(2006) Chips and Salsa
33%
Helios(2014) Closer to Me
33%
Through the Years: The Best of the Fray(2016) Corners
33%
How to Save a Life(2005) Dead Wrong
33%
Non-Album(2025) Emerald
33%
The Fray(2009) Enough for Now
33%
How to Save a Life(2005) Fall Away
33%
Helios(2014) Give It Away
33%
The Fray(2009) Happiness
33%
Scars & Stories(2012) Here We Are
33%
Helios(2014) Hold My Hand
33%
Helios(2014) Hurricane
33%
Scars & Stories(2012) I Can Barely Say
33%
Helios(2014) Our Last Days
33%
Helios(2014) Same as You
33%
The Fray(2009) Say When
33%
Through the Years: The Best of the Fray(2016) Singing Low
33%
Non-Album(2025) Songs I'd Rather Not Sing
33%
Scars & Stories(2012) The Wind
33%
Reason(2003) Together
33%
How to Save a Life(2005) Trust Me
33%
Scars & Stories(2012) Turn Me On
33%
The Fray(2009) We Build Then We Break
33%
The Fray(2009) Where the Story Ends
33%
Helios(2014) Wherever This Goes
33%
Helios(Bonus)(2014) 500,000 Acres
0%
The Fray(Bonus)(2009) Be the One
0%
Helios(2014) Break Your Planes
0%
Reason(2003) City Hall
0%
Movement(2002) It's For You
0%
The Fray(Bonus)(2009) Fair Fight
0%
Live at the Electric Factory: Bootleg No. 1(2006) Interlude I
0%
Live at the Electric Factory: Bootleg No. 1(2006) Interlude II
0%
Live at the Electric Factory: Bootleg No. 1(2006) It's Not Easy Being Skinny
0%
Helios(2014) Keep on Waiting
0%
Movement(2002) Oceans Away
0%
Reason(2003) Some Trust
0%
The Fray(Bonus)(2009) Uncertainty
0%
How to Save a Life(Bonus)(2005) Unsaid
0%
Movement(2002) Where You Want To
0%
Helios(Bonus)(2014) Winter Dance
0%
Reason(2003) Without Reason
0%
No matching quizzes found
Score Distribution
Percent of People with Each Score
Percentile by Number Answered
Your Score History
You have not taken this quiz since the last reset